Vogel's textbook of quantitative chemical analysis. (Record no. 3752)
[ view plain ]
| 000 -LEADER | |
|---|---|
| fixed length control field | 01116pam a2200313 a 4500 |
| 001 - CONTROL NUMBER | |
| control field | 3398121 |
| 003 - CONTROL NUMBER IDENTIFIER | |
| control field | OSt |
| 005 - DATE AND TIME OF LATEST TRANSACTION | |
| control field | 20160425184047.0 |
| 008 - FIXED-LENGTH DATA ELEMENTS--GENERAL INFORMATION | |
| fixed length control field | 890524s1989 enka b 001 0 eng |
| 010 ## - LIBRARY OF CONGRESS CONTROL NUMBER | |
| LC control number | 89012296 |
| 020 ## - INTERNATIONAL STANDARD BOOK NUMBER | |
| International Standard Book Number | 0470215178 |
| 040 ## - CATALOGING SOURCE | |
| Original cataloging agency | DLC |
| Transcribing agency | DLC |
| Modifying agency | DLC |
| 050 00 - LIBRARY OF CONGRESS CALL NUMBER | |
| Classification number | QD101.2 |
| Item number | .V63 1989 |
| 082 00 - DEWEY DECIMAL CLASSIFICATION NUMBER | |
| Classification number | 543 |
| Edition number | 20 |
| Item number | VOG 2000 |
| 100 1# - MAIN ENTRY--PERSONAL NAME | |
| Personal name | Mendham, J...[etal] |
| 9 (RLIN) | 8273 |
| 240 10 - UNIFORM TITLE | |
| Uniform title | Textbook of quantitative chemical analysis |
| 245 10 - TITLE STATEMENT | |
| Title | Vogel's textbook of quantitative chemical analysis. |
| Statement of responsibility, etc. | J Mendham...[etal] |
| 250 ## - EDITION STATEMENT | |
| Edition statement | 6th ed. |
| 260 ## - PUBLICATION, DISTRIBUTION, ETC. (IMPRINT) | |
| Place of publication, distribution, etc. | Harlow England : |
| Name of publisher, distributor, etc. | Prentice Hall |
| Date of publication, distribution, etc. | 2000 |
| 300 ## - PHYSICAL DESCRIPTION | |
| Extent | xxix, 877 p. : |
| Other physical details | ill. ; |
| Dimensions | 24 cm. |
| 500 ## - GENERAL NOTE | |
| General note | Rev. ed. of: Vogel's textbook of quantitative inorganic analysis. 4th ed. 1978. |
| 504 ## - BIBLIOGRAPHY, ETC. NOTE | |
| Bibliography, etc | Includes bibliographies and index. |
| 650 #0 - SUBJECT ADDED ENTRY--TOPICAL TERM | |
| Topical term or geographic name as entry element | Chemistry, Analytic |
| General subdivision | Quantitative. |
| 9 (RLIN) | 8274 |
| 650 #0 - SUBJECT ADDED ENTRY--TOPICAL TERM | |
| Topical term or geographic name as entry element | Chemistry, Inorganic. |
| 9 (RLIN) | 8270 |
| 700 1# - ADDED ENTRY--PERSONAL NAME | |
| Personal name | Jeffery, G. H., |
| Dates associated with a name | 1909- |
| 9 (RLIN) | 8275 |
| 700 1# - ADDED ENTRY--PERSONAL NAME | |
| Personal name | Vogel, Arthur Israel. |
| Title of a work | Vogel's textbook of quantitative inorganic analysis. |
| 9 (RLIN) | 8276 |
| 906 ## - LOCAL DATA ELEMENT F, LDF (RLIN) | |
| a | 7 |
| b | cbc |
| c | orignew |
| d | 1 |
| e | ocip |
| f | 19 |
| g | y-gencatlg |
| 942 ## - ADDED ENTRY ELEMENTS (KOHA) | |
| Source of classification or shelving scheme | Dewey Decimal Classification |
| Koha item type | Short Loan |
| Withdrawn status | Lost status | Source of classification or shelving scheme | Damaged status | Not for loan | Home library | Current library | Date acquired | Inventory number | Total Checkouts | Full call number | Barcode | Date last seen | Price effective from | Koha item type |
|---|---|---|---|---|---|---|---|---|---|---|---|---|---|---|
| Dewey Decimal Classification | MUST Main Library | MUST Main Library | 25/04/2016 | 2008/30204 | 543 VOG 2000 | 2016-1307 | 25/04/2016 | 25/04/2016 | Short Loan | |||||
| Dewey Decimal Classification | MUST Main Library | MUST Main Library | 10/05/2016 | 2003/20552 | 543 VOG 2000 | 2016-1748 | 10/05/2016 | 10/05/2016 | Short Loan | |||||
| Dewey Decimal Classification | MUST Main Library | MUST Main Library | 11/05/2016 | 2004/22549 | 543 VOG 2000 | 2016-1767 | 11/05/2016 | 11/05/2016 | Short Loan | |||||
| Dewey Decimal Classification | MUST Main Library | MUST Main Library | 11/05/2016 | 2008/30205 | 543 VOG 2000 | 2016-1801 | 11/05/2016 | 11/05/2016 | Short Loan |
